00390nam a2200145Ia 450000500170000000800410001704000190005804100120007708200200008910000190010924500560012826000340018430000160021885000100023420230330102249.0131103s9999 xx 000 0 und d aLoreto College aEnglish a822.91bSYN-COR aCorkery,Daniel aSynge and Anglo - Irish literaturecDaniel Corkery aCorkbThe Mercier Pressc1966 a[4],243 p.  aLCLIB